[Event "SG Kirchehren./Eberm. 1-SC Forchheim 3"]
[Site "?"]
[Date "2015.04.19"]
[Round "9.1"]
[White "Wichmann, Adrian"]
[Black "Kuhmann, Peter"]
[Result "1/2-1/2"]
[WhiteElo "1931"]
[BlackElo "1843"]
[PlyCount "26"]
[EventDate "2015.??.??"]
[WhiteTeam "SC Forchheim 3"]
[BlackTeam "SG Kirchehren./Eberm. 1"]

1. e4 d5 2. exd5 Nf6 3. d4 Nxd5 4. Nf3 Bg4 5. Be2 g6 6. O-O Bg7 7. c3 O-O 8.
Bg5 c6 9. Na3 Nd7 10. Nc4 Qc7 11. Ne3 Nxe3 12. Bxe3 e5 13. dxe5 Nxe5 1/2-1/2

[Event "SG Kirchehren./Eberm. 1-SC Forchheim 3"]
[Site "?"]
[Date "2015.04.19"]
[Round "9.3"]
[White "Balle, Alfred"]
[Black "Friedrich, Heinrich"]
[Result "1-0"]
[WhiteElo "1851"]
[BlackElo "1915"]
[PlyCount "83"]
[EventDate "2015.??.??"]
[WhiteTeam "SC Forchheim 3"]
[BlackTeam "SG Kirchehren./Eberm. 1"]

1. e4 c5 2. Nf3 d6 3. d4 cxd4 4. Nxd4 Nf6 5. Nc3 a6 6. Be2 e6 7. O-O Be7 8. Be3
Bd7 9. f4 Nc6 10. Nb3 b5 11. a3 Qc7 12. Bf3 Rb8 13. Qe1 h5 14. h3 Na5 15. Nxa5
Qxa5 16. e5 Ng8 17. exd6 Bf6 18. Nd5 Qxe1 19. Nxf6+ Nxf6 20. Rfxe1 O-O 21. Rad1
b4 22. Bc5 bxa3 23. Bxa3 Rfc8 24. Re2 Rc4 25. g3 a5 26. Re5 h4 27. Kg2 hxg3 28.
Rxa5 Rxf4 29. b3 Rf5 30. Rxf5 exf5 31. Rd4 Rc8 32. c4 g5 33. Kxg3 Re8 34. Bc1
f4+ 35. Kg2 Re1 36. Bd2 Rb1 37. b4 Rb3 38. c5 g4 39. hxg4 Bxg4 40. Bxg4 Rg3+
41. Kf1 Nxg4 42. Bxf4 1-0

[Event "SG Kirchehren./Eberm. 1-SC Forchheim 3"]
[Site "?"]
[Date "2015.04.19"]
[Round "9.4"]
[White "Kotz, Roland"]
[Black "Walter, Eugen"]
[Result "1/2-1/2"]
[WhiteElo "1633"]
[BlackElo "1792"]
[PlyCount "66"]
[EventDate "2015.??.??"]
[WhiteTeam "SG Kirchehren./Eberm. 1"]
[BlackTeam "SC Forchheim 3"]

1. f4 d5 2. Nf3 c5 3. e3 a6 4. b3 Nc6 5. Bb2 Bg4 6. Be2 e6 7. O-O Nf6 8. Ne5
Bxe2 9. Qxe2 Be7 10. d3 O-O 11. Nd2 Rc8 12. Rf3 Ne8 13. Rg3 f5 14. Ndf3 Bf6 15.
Ng5 Bxg5 16. Rxg5 d4 17. Nxc6 Rxc6 18. Rf1 e5 19. exd4 exd4 20. Re1 h6 21. Rg3
Nf6 22. Qe7 Qxe7 23. Rxe7 Rf7 24. Re5 Nd7 25. Re8+ Kh7 26. c3 Nf6 27. Re5 Ng4
28. Re8 Nf6 29. Re5 Ng4 30. Re8 Nf6 31. Re2 dxc3 32. Bxc3 Nd5 33. Be5 Rd7
1/2-1/2

[Event "SG Kirchehren./Eberm. 1-SC Forchheim 3"]
[Site "?"]
[Date "2015.04.19"]
[Round "9.5"]
[White "Heinkelmann, Josef"]
[Black "Schneider, Norbert"]
[Result "1-0"]
[WhiteElo "1864"]
[BlackElo "1690"]
[PlyCount "79"]
[EventDate "2015.??.??"]
[WhiteTeam "SC Forchheim 3"]
[BlackTeam "SG Kirchehren./Eberm. 1"]

1. c4 g6 2. Nc3 Bg7 3. Nf3 Nf6 4. e4 d6 5. d4 O-O 6. Be3 Bg4 7. Be2 Nc6 8. Qd2
e5 9. d5 Ne7 10. O-O Ne8 11. Bh6 f5 12. Bxg7 Nxg7 13. b4 fxe4 14. Nxe4 Rf4 15.
Nfg5 Bxe2 16. Qxe2 Nef5 17. Nf3 Nh4 18. Nfd2 Qf8 19. Kh1 Nhf5 20. Nf3 Nh6 21.
Rad1 b6 22. Rd3 Qf5 23. Nfd2 Qd7 24. Qe3 Nhf5 25. Qxf4 exf4 26. Nf6+ Kf7 27.
Nxd7 Ke7 28. Nc5 bxc5 29. bxc5 dxc5 30. Rb1 Nd4 31. Rb7 Kd7 32. Nf3 Ngf5 33.
Nxd4 Nxd4 34. Ra3 a6 35. h3 Nc2 36. Rab3 Re8 37. Ra7 Re2 38. Rbb7 Rxf2 39.
Rxc7+ Kd6 40. Re7 1-0

[Event "SG Kirchehren./Eberm. 1-SC Forchheim 3"]
[Site "?"]
[Date "2015.04.19"]
[Round "9.6"]
[White "Kramer, Markus"]
[Black "Radeck, Jochen"]
[Result "1/2-1/2"]
[WhiteElo "1706"]
[BlackElo "1766"]
[PlyCount "35"]
[EventDate "2015.??.??"]
[WhiteTeam "SG Kirchehren./Eberm. 1"]
[BlackTeam "SC Forchheim 3"]

1. f4 d5 2. Nf3 c5 3. g3 Nf6 4. Bg2 Nc6 5. O-O g6 6. d3 Bg7 7. Qe1 O-O 8. h3 e6
9. Kh2 b5 10. e4 dxe4 11. dxe4 Bb7 12. c3 Qe7 13. Nbd2 Rad8 14. e5 Ne8 15. Ne4
f5 16. exf6 Nxf6 17. Nxf6+ Bxf6 18. Be3 1/2-1/2

[Event "SG Kirchehren./Eberm. 1-SC Forchheim 3"]
[Site "?"]
[Date "2015.04.19"]
[Round "9.7"]
[White "Gagel, Roland"]
[Black "Thurn, Stephan"]
[Result "1/2-1/2"]
[WhiteElo "1780"]
[BlackElo "1889"]
[PlyCount "28"]
[EventDate "2015.??.??"]
[WhiteTeam "SC Forchheim 3"]
[BlackTeam "SG Kirchehren./Eberm. 1"]

1. d4 Nf6 2. f4 d5 3. e3 Bg4 4. Be2 Bxe2 5. Qxe2 Nbd7 6. Nf3 e6 7. Nbd2 Bd6 8.
Ne5 h5 9. e4 c5 10. Nxd7 Nxd7 11. exd5 O-O 12. Ne4 Nf6 13. dxe6 Re8 14. O-O
Rxe6 1/2-1/2

[Event "SG Kirchehren./Eberm. 1-SC Forchheim 3"]
[Site "?"]
[Date "2015.04.19"]
[Round "9.8"]
[White "Seel, Manfred"]
[Black "Braun, Kristin"]
[Result "0-1"]
[WhiteElo "1545"]
[BlackElo "1663"]
[PlyCount "54"]
[EventDate "2015.??.??"]
[WhiteTeam "SG Kirchehren./Eberm. 1"]
[BlackTeam "SC Forchheim 3"]

1. c4 Nf6 2. Nf3 g6 3. g3 Bg7 4. Bg2 d6 5. O-O O-O 6. d4 Nbd7 7. Nc3 e5 8. Bg5
h6 9. Be3 Ng4 10. Bc1 f5 11. e4 exd4 12. Nxd4 Nge5 13. exf5 Nc5 14. fxg6 Ned3
15. Nde2 Bf5 16. a3 Bxg6 17. b4 Nxc1 18. Rxc1 Nd3 19. Ra1 c6 20. Qb3 Qe7 21.
Rad1 Rae8 22. Rd2 Rxf2 23. Rxf2 Nxf2 24. Kxf2 Qe3+ 25. Kf1 Qxd2 26. Qd1 Bxc3
27. Qxd2 Bxd2 0-1

[Event "SK Schwanstetten 1-SG Bubenr./Moehrendf"]
[Site "?"]
[Date "2015.04.19"]
[Round "9.1"]
[White "Handl, Johannes"]
[Black "Manthey, Frank"]
[Result "0-1"]
[WhiteElo "1882"]
[BlackElo "2045"]
[PlyCount "100"]
[EventDate "2015.??.??"]
[WhiteTeam "SG Bubenr./Möhrendf. 1"]
[BlackTeam "SK Schwanstetten 1"]

1. e4 c5 2. Nf3 Nc6 3. d4 cxd4 4. Nxd4 g6 5. Nc3 Bg7 6. Be3 Nf6 7. Bc4 O-O 8.
O-O d6 9. Bb3 Ng4 10. Nxc6 bxc6 11. Bg5 h6 12. Bh4 g5 13. Bg3 h5 14. h3 h4 15.
Bxh4 gxh4 16. hxg4 Qa5 17. f4 Bxc3 18. bxc3 Qxc3 19. Qf3 Qxf3 20. gxf3 Kg7 21.
Kf2 a5 22. Rh1 Rh8 23. Ba4 Bd7 24. Rab1 Rab8 25. Kg2 Rb4 26. Rxb4 axb4 27. Kh3
Ra8 28. Bb3 c5 29. Rc1 Bb5 30. c4 bxc3 31. Rxc3 c4 32. a4 Bxa4 33. Bxa4 Rxa4
34. Kxh4 e6 35. g5 d5 36. exd5 exd5 37. f5 d4 38. f6+ Kg6 39. Rc1 d3 40. Kg4
Kh7 41. Rh1+ Kg8 42. Kf4 Ra2 43. Ke3 Re2+ 44. Kd4 Rc2 45. f4 d2 46. Rd1 c3 47.
Kd3 Rc1 48. Ke2 Kh7 49. f5 Kg8 50. g6 Kf8 0-1

[Event "SK Schwanstetten 1-SG Bubenr./Moehrendf"]
[Site "?"]
[Date "2015.04.19"]
[Round "9.3"]
[White "Kramer, Manuel"]
[Black "Cipra, Lothar"]
[Result "1-0"]
[WhiteElo "1861"]
[BlackElo "1933"]
[PlyCount "75"]
[EventDate "2015.??.??"]
[WhiteTeam "SG Bubenr./Möhrendf. 1"]
[BlackTeam "SK Schwanstetten 1"]

1. d4 Nf6 2. Nf3 d5 3. c4 e6 4. Nc3 Be7 5. e3 O-O 6. Bd3 b6 7. cxd5 exd5 8. O-O
Bg4 9. h3 Be6 10. Ne5 c5 11. Bd2 Nfd7 12. Nf3 f5 13. Rc1 Qe8 14. Nb5 Qd8 15.
Qa4 Nf6 16. Ne5 Ne4 17. Be1 f4 18. exf4 Rxf4 19. f3 Nd6 20. Bg3 Rf8 21. Rfe1
Bf5 22. dxc5 bxc5 23. Nc3 Bxd3 24. Nxd3 Nf5 25. Bf2 d4 26. Ne4 Nd7 27. Nexc5
Nxc5 28. Nxc5 Bh4 29. Bxh4 Qxh4 30. Re4 Qg5 31. Qc4+ Rf7 32. Ne6 Qf6 33. Nxd4
Nd6 34. Qd5 Rd8 35. Re6 Qf4 36. Rce1 g6 37. Re7 Nb7 38. Re8+ 1-0

[Event "SK Schwanstetten 1-SG Bubenr./Moehrendf"]
[Site "?"]
[Date "2015.04.19"]
[Round "9.4"]
[White "Arlt, Michael"]
[Black "Loellmann, Heinrich"]
[Result "1-0"]
[WhiteElo "1884"]
[BlackElo "1820"]
[PlyCount "63"]
[EventDate "2015.??.??"]
[WhiteTeam "SK Schwanstetten 1"]
[BlackTeam "SG Bubenr./Möhrendf. 1"]

1. e4 e6 2. d4 d5 3. Nc3 Nf6 4. Bg5 dxe4 5. Nxe4 Be7 6. Ng3 h6 7. Be3 Nd5 8.
Nf3 Nxe3 9. fxe3 c5 10. Bd3 Bd7 11. O-O Nc6 12. c3 O-O 13. Bc2 g6 14. Qd3 Kg7
15. Ne5 Nxe5 16. dxe5 Bc6 17. Rxf7+ Rxf7 18. Qxg6+ Kf8 19. Qxh6+ Kg8 20. Bg6
Qf8 21. Bxf7+ Qxf7 22. Rf1 Bf8 23. Qh3 Qg7 24. Qxe6+ Kh8 25. Rf4 Qg5 26. Qh3+
Bh6 27. Nf5 Rg8 28. g3 Rg6 29. Nxh6 Rxh6 30. Qc8+ Kg7 31. Qf8+ Kg6 32. Qf7# 1-0

[Event "SK Schwanstetten 1-SG Bubenr./Moehrendf"]
[Site "?"]
[Date "2015.04.19"]
[Round "9.6"]
[White "Leonhardt, Frank"]
[Black "Kretschmer, Wolfgang"]
[Result "1-0"]
[WhiteElo "1880"]
[BlackElo "1696"]
[PlyCount "69"]
[EventDate "2015.??.??"]
[WhiteTeam "SK Schwanstetten 1"]
[BlackTeam "SG Bubenr./Möhrendf. 1"]

1. e4 c5 2. Nf3 d6 3. d4 cxd4 4. Nxd4 Nf6 5. Nc3 a6 6. Be2 e5 7. Nf3 Be7 8. O-O
O-O 9. Bg5 Nbd7 10. Qd2 b5 11. a3 Bb7 12. Bd3 Rc8 13. Rad1 Qc7 14. Nh4 Rfe8 15.
Nf5 Bf8 16. f3 d5 17. Nxd5 Nxd5 18. exd5 Bxd5 19. Bxb5 axb5 20. Qxd5 Nf6 21.
Bxf6 gxf6 22. Qe4 Qxc2 23. Qg4+ Kh8 24. b4 Qc4 25. Qh5 Qe6 26. Rd3 Red8 27. Re3
Rc4 28. f4 Qb6 29. Kh1 Rxf4 30. Rxf4 exf4 31. Rh3 h6 32. Nxh6 Bg7 33. Nf5+ Kg8
34. Qh7+ Kf8 35. Qh8+ 1-0

[Event "SK Schwanstetten 1-SG Bubenr./Moehrendf"]
[Site "?"]
[Date "2015.04.19"]
[Round "9.7"]
[White "Mettal, Thomas"]
[Black "Arlt, Birgit"]
[Result "1-0"]
[WhiteElo "1667"]
[BlackElo "1585"]
[PlyCount "59"]
[EventDate "2015.??.??"]
[WhiteTeam "SG Bubenr./Möhrendf. 1"]
[BlackTeam "SK Schwanstetten 1"]

1. e4 e5 2. f4 d5 3. exd5 exf4 4. Nf3 Qxd5 5. Nc3 Qd8 6. d4 Nf6 7. Bxf4 Bb4 8.
Bd3 O-O 9. O-O Be6 10. Ne4 Nd5 11. Bd2 Be7 12. c3 Bg4 13. Qc2 Nd7 14. Rae1 N7f6
15. Ne5 c6 16. Nxf6+ Nxf6 17. Nxg4 Nxg4 18. Bxh7+ Kh8 19. Bf5 Nf6 20. Re3 g5
21. Rh3+ Kg7 22. Bxg5 Rh8 23. Rff3 Nh5 24. Bxe7 Qxe7 25. Qd2 Rag8 26. Bg4 Nf6
27. Qg5+ Kf8 28. Qxf6 Rxh3 29. Qxe7+ Kxe7 30. Bxh3 1-0

[Event "SK Schwanstetten 1-SG Bubenr./Moehrendf"]
[Site "?"]
[Date "2015.04.19"]
[Round "9.8"]
[White "Pohl, Steffen"]
[Black "Kleinert, Jochen"]
[Result "1-0"]
[WhiteElo "1823"]
[BlackElo "1730"]
[PlyCount "134"]
[EventDate "2015.??.??"]
[WhiteTeam "SK Schwanstetten 1"]
[BlackTeam "SG Bubenr./Möhrendf. 1"]

1. d4 e6 2. Nf3 f5 3. c4 Be7 4. Nc3 Nf6 5. Bf4 d6 6. g3 O-O 7. Bg2 Nbd7 8. O-O
c5 9. Nb5 Ne4 10. Nd2 Nxd2 11. Qxd2 e5 12. dxe5 dxe5 13. Qd5+ Kh8 14. Bxe5 Nxe5
15. Qxe5 a6 16. Rfd1 Bd7 17. Bxb7 Rb8 18. Bc6 Bf6 19. Qf4 g5 20. Qc1 axb5 21.
Bxd7 Qe7 22. Bxb5 Qxe2 23. Rd2 Qg4 24. Qd1 Qh3 25. Qf1 Qg4 26. Qe2 Qh3 27. Bc6
Bd4 28. Bg2 Qh6 29. Rb1 g4 30. Rc2 f4 31. Qxg4 fxg3 32. hxg3 Rg8 33. Qh4 Qd6
34. Kf1 Qg6 35. Be4 Qg7 36. b3 Rb6 37. Qxh7+ Qxh7 38. Bxh7 Kxh7 39. Kg2 Rh6 40.
Rh1 Rxh1 41. Kxh1 Kg6 42. Kg2 Kf5 43. Re2 Be5 44. Kf3 Ke6 45. Ke4 Rg4+ 46. f4
Bd4 47. Kf3+ Kf5 48. Rh2 Rg8 49. g4+ Kf6 50. Rh6+ Kg7 51. g5 Ra8 52. Rh2 Re8
53. Kg4 Re3 54. Kf5 Re1 55. g6 Rg1 56. Rh7+ Kg8 57. Rb7 Rf1 58. Ke4 Re1+ 59.
Kd5 Rf1 60. Rf7 Rf2 61. a4 Rd2 62. f5 Bf2+ 63. Kc6 Rd3 64. a5 Rxb3 65. a6 Ra3
66. a7 Bg3 67. Rb7 Ra6+ 1-0

[Event "SG Muehlhof-R'dorf/Schw. 1-SK Neumarkt "]
[Site "?"]
[Date "2015.04.19"]
[Round "9.1"]
[White "Beesk, Kevin"]
[Black "Ahmels, Christian"]
[Result "1/2-1/2"]
[WhiteElo "1992"]
[BlackElo "2050"]
[PlyCount "80"]
[EventDate "2015.??.??"]
[WhiteTeam "SK Neumarkt 1"]
[BlackTeam "SG Mühlhof-R'dorf/Schw. 1"]

1. Nc3 c5 2. Nf3 d6 3. d4 cxd4 4. Nxd4 Nf6 5. g3 Nc6 6. Bg2 Bd7 7. Bg5 a6 8.
Bxf6 gxf6 9. O-O f5 10. e3 e6 11. a4 d5 12. Nce2 Ne5 13. Nf3 Nxf3+ 14. Bxf3 Rc8
15. c3 Bg7 16. Qb3 b6 17. Nf4 Qc7 18. Rfd1 Bc6 19. Rd2 O-O 20. Bg2 b5 21. axb5
axb5 22. Bf1 Qb7 23. Nd3 Ra8 24. Rdd1 Ra7 25. Nb4 Bd7 26. Nc2 Rb8 27. Rxa7 Qxa7
28. Ra1 Qb6 29. Nb4 Bc8 30. Ra3 Bf6 31. Qa2 Kg7 32. Ra5 Bd7 33. Ra6 Qc5 34. Ra7
Be8 35. Qa5 Bd8 36. Qa6 Rb6 37. Qa2 Rb8 38. Ra8 Qb6 39. Ra6 Qc5 40. Ra7 Qb6
1/2-1/2

[Event "SG Muehlhof-R'dorf/Schw. 1-SK Neumarkt "]
[Site "?"]
[Date "2015.04.19"]
[Round "9.2"]
[White "Mehwald, Thomas"]
[Black "Simon, Martin"]
[Result "1/2-1/2"]
[WhiteElo "1947"]
[BlackElo "1926"]
[PlyCount "46"]
[EventDate "2015.??.??"]
[WhiteTeam "SG Mühlhof-R'dorf/Schw. 1"]
[BlackTeam "SK Neumarkt 1"]

1. e4 c5 2. Nf3 Nc6 3. d4 cxd4 4. Nxd4 d6 5. Nc3 e5 6. Nb3 Be6 7. Be2 Nf6 8.
Bf3 Be7 9. Be3 Na5 10. Nxa5 Qxa5 11. O-O O-O 12. Qd2 Rfe8 13. Rfd1 Rac8 14. Nd5
Qxd2 15. Nxe7+ Rxe7 16. Rxd2 Rec7 17. c3 Rc6 18. h3 a6 19. Bg5 Kf8 20. Bxf6
gxf6 21. Bg4 Ke7 22. Rad1 Rg8 23. Bxe6 fxe6 1/2-1/2

[Event "SG Muehlhof-R'dorf/Schw. 1-SK Neumarkt "]
[Site "?"]
[Date "2015.04.19"]
[Round "9.3"]
[White "Bothe, Matthias"]
[Black "Reuter, Roland"]
[Result "1/2-1/2"]
[WhiteElo "1823"]
[BlackElo "1934"]
[PlyCount "29"]
[EventDate "2015.??.??"]
[WhiteTeam "SK Neumarkt 1"]
[BlackTeam "SG Mühlhof-R'dorf/Schw. 1"]

1. c4 Nf6 2. g3 e6 3. Bg2 d5 4. Nf3 Be7 5. O-O O-O 6. d4 c5 7. cxd5 Nxd5 8. e4
Nf6 9. Nc3 cxd4 10. Nxd4 e5 11. Nb3 Nc6 12. Nd5 Be6 13. Be3 Bxd5 14. exd5 Nb4
15. d6 1/2-1/2

[Event "SG Muehlhof-R'dorf/Schw. 1-SK Neumarkt "]
[Site "?"]
[Date "2015.04.19"]
[Round "9.4"]
[White "Leis, Stefan"]
[Black "Brunner, Wolfgang"]
[Result "1/2-1/2"]
[WhiteElo "1888"]
[BlackElo "1900"]
[PlyCount "28"]
[EventDate "2015.??.??"]
[WhiteTeam "SG Mühlhof-R'dorf/Schw. 1"]
[BlackTeam "SK Neumarkt 1"]

1. e4 d5 2. d4 dxe4 3. Nc3 Nf6 4. f3 Bf5 5. fxe4 Nxe4 6. Qf3 Nd6 7. Bf4 e6 8.
O-O-O Nd7 9. g4 Bg6 10. Nge2 Qf6 11. Ng3 Qh4 12. Nb5 Nxb5 13. Bxb5 c6 14. Ba4
Be7 1/2-1/2

[Event "SG Muehlhof-R'dorf/Schw. 1-SK Neumarkt "]
[Site "?"]
[Date "2015.04.19"]
[Round "9.5"]
[White "Niebler, Andreas"]
[Black "Dietrich, Jochen"]
[Result "1/2-1/2"]
[WhiteElo "1801"]
[BlackElo "1884"]
[PlyCount "34"]
[EventDate "2015.??.??"]
[WhiteTeam "SK Neumarkt 1"]
[BlackTeam "SG Mühlhof-R'dorf/Schw. 1"]

1. d4 Nf6 2. c4 g6 3. Nc3 Bg7 4. e4 d6 5. f3 c6 6. Be3 Nbd7 7. Qd2 a6 8. Nge2
b5 9. Nc1 Bb7 10. Be2 Nb6 11. c5 Nbd7 12. Nd3 O-O 13. O-O dxc5 14. dxc5 Qc7 15.
f4 e5 16. f5 a5 17. a3 Rad8 1/2-1/2

[Event "SG Muehlhof-R'dorf/Schw. 1-SK Neumarkt "]
[Site "?"]
[Date "2015.04.19"]
[Round "9.6"]
[White "Proeschel, Gerhard"]
[Black "Zidar, Zlatko"]
[Result "1-0"]
[WhiteElo "1825"]
[BlackElo "1716"]
[PlyCount "65"]
[EventDate "2015.??.??"]
[WhiteTeam "SG Mühlhof-R'dorf/Schw. 1"]
[BlackTeam "SK Neumarkt 1"]

1. e4 c5 2. Nf3 Nc6 3. d4 cxd4 4. Nxd4 Nf6 5. Nc3 e5 6. Ndb5 d6 7. Bg5 a6 8.
Na3 Be7 9. Nc4 Be6 10. Bxf6 gxf6 11. Ne3 Qa5 12. a3 Nd4 13. Bc4 Rc8 14. Bxe6
fxe6 15. O-O b5 16. Ne2 Nxe2+ 17. Qxe2 Qb6 18. Rfd1 Kd7 19. c4 Qc6 20. cxb5
Qxb5 21. Rd3 Rc5 22. Nd1 Rhc8 23. a4 Qb7 24. Nc3 d5 25. exd5 exd5 26. Nxd5 Rxd5
27. Rxd5+ Qxd5 28. Rd1 Rc1 29. Rxc1 Bc5 30. Qxa6 Bxf2+ 31. Kh1 Bd4 32. Qc8+ Kd6
33. Rc7 1-0

[Event "SG Muehlhof-R'dorf/Schw. 1-SK Neumarkt "]
[Site "?"]
[Date "2015.04.19"]
[Round "9.7"]
[White "Junker, Christian"]
[Black "Hetzner, Helmut"]
[Result "1/2-1/2"]
[WhiteElo "1649"]
[BlackElo "1859"]
[PlyCount "43"]
[EventDate "2015.??.??"]
[WhiteTeam "SK Neumarkt 1"]
[BlackTeam "SG Mühlhof-R'dorf/Schw. 1"]

1. e4 c6 2. d4 d5 3. exd5 cxd5 4. Bb5+ Bd7 5. Qe2 Nc6 6. Nf3 e6 7. Nc3 Bb4 8.
O-O Nge7 9. a3 Bd6 10. Bd3 a6 11. Nd1 Qc7 12. Ne3 Bf4 13. Bd2 O-O 14. g3 Bh6
15. Ng4 Bxd2 16. Qxd2 f6 17. Ne3 e5 18. Be2 e4 19. Nh4 b5 20. f3 f5 21. fxe4
fxe4 22. Bg4 1/2-1/2

[Event "SG Muehlhof-R'dorf/Schw. 1-SK Neumarkt "]
[Site "?"]
[Date "2015.04.19"]
[Round "9.8"]
[White "Niklaus, Guenter"]
[Black "Schilay, Andre"]
[Result "1/2-1/2"]
[WhiteElo "1883"]
[BlackElo "1667"]
[PlyCount "37"]
[EventDate "2015.??.??"]
[WhiteTeam "SG Mühlhof-R'dorf/Schw. 1"]
[BlackTeam "SK Neumarkt 1"]

1. e4 e5 2. Nf3 Nc6 3. Bb5 d6 4. c3 a6 5. Ba4 b5 6. Bb3 Be6 7. O-O Bxb3 8. axb3
Nf6 9. Re1 Be7 10. d4 O-O 11. Nbd2 Qd7 12. Nf1 Qg4 13. h3 Qd7 14. Ng3 Rfe8 15.
dxe5 dxe5 16. Be3 Red8 17. Qc2 h6 18. Red1 Qe6 19. Nf5 1/2-1/2